Разсчетная книжка, выданная из конторы чугунно-литейнаго и механическаго завода Казанскаго 1-й гильдии купца Александра Никифоровича Свешникова, в Казани, мастеровому (Запись № 13638599)

Подробности
000 -МАРКЕР
контрольное поле 01994nam0a2200325 4500
001 - ИДЕНТИФИКАТОР ЗАПИСИ
контрольное поле RU\NLR\BIBL_A\022756183
005 - ИДЕНТИФИКАТОР ВЕРСИИ
контрольное поле 20260408234134.0
035 ## - ДРУГИЕ СИСТЕМНЫЕ НОМЕРА
Идентификатор записи (NLR Aleph) 022756183
100 ## - ДАННЫЕ ОБЩЕЙ ОБРАБОТКИ
Данные общей обработки 20260317d1886 u y0rusy50 ca
101 0# - ЯЗЫК РЕСУРСА
Язык текста, звукозаписи и т.д. русский
102 ## - СТРАНА ПУБЛИКАЦИИ ИЛИ ПРОИЗВОДСТВА
Страна публикации российская федерация
105 ## - ПОЛЕ КОДИРОВАННЫХ ДАННЫХ: ТЕКСТОВЫЕ МАТЕРИАЛЫ, МОНОГРАФИЧЕСКИЕ
Кодированные данные о монографическом текстовом документе k z 000yy
181 #0 - ПОЛЕ КОДИРОВАННЫХ ДАННЫХ: ВИД СОДЕРЖАНИЯ
Код вида содержания (ISBD) i
Код характеристики содержания (ISBD) xxe
182 #0 - ПОЛЕ КОДИРОВАННЫХ ДАННЫХ: ТИП СРЕДСТВА
Код типа средства (ISBD) n - непосредственное
200 1# - ЗАГЛАВИЕ И СВЕДЕНИЯ ОБ ОТВЕТСТВЕННОСТИ
Основное заглавие Разсчетная книжка, выданная из конторы чугунно-литейнаго и механическаго завода Казанскаго 1-й гильдии купца Александра Никифоровича Свешникова, в Казани, мастеровому
203 ## - ВИД СОДЕРЖАНИЯ И ТИП СРЕДСТВА
Вид содержания Текст
Дополнительные сведения об издании визуальный
Тип средства непосредственный
210 ## - ПУБЛИКАЦИЯ, РАСПРОСТРАНЕНИЕ И ДР.
Место издания, распространения и т.д. Казань
Имя издателя, распространителя и т. д. Типография А. А. Родионова
Дата издания, распространения и т.д. цензура 1886
215 ## - ФИЗИЧЕСКАЯ ХАРАКТЕРИСТИКА
Специфическое обозначение материала и объем [19] с.
Другие сведения о физической характеристике бланки
Размеры 17
327 1# - ПРИМЕЧАНИЯ О СОДЕРЖАНИИ
Текст примечания Содерж.: Правила общия ; Условия найма ; Разсчетная книжка : [форма для заполнения]
464 #0 - АНАЛИТИЧЕСКИЙ УРОВЕНЬ
Встроенное поле 2001#$aПравила общия$aУсловия найма$aЗабор денег и вычет штрафу
-- 5181#$aПравила общие
Заглавие Забор денег и вычет штрафу
518 1# - ЗАГЛАВИЕ В СТАНДАРТНОМ СОВРЕМЕННОМ ПРАВОПИСАНИИ
Основное заглавие, вариант заглавия или унифицированное заглавие Расчетная книжка, выданная из конторы Чугунолитейного и механического завода казанского 1-й гильдии купца Александра Никифоровича Свешникова, в Казани, мастеровому
606 ## - НАИМЕНОВАНИЕ ТЕМЫ КАК ПРЕДМЕТ
Наименование темы Расчетные книжки
Географический подзаголовок Россия
Идентификатор авторитетной/нормативной записи RU\NLR\AUTH\6601767711
Системный номер авторитетной/нормативной записи 2701060
686 3# - ИНДЕКСЫ ДРУГИХ КЛАССИФИКАЦИЙ
Индекс Х879(2)1
710 02 - НАИМЕНОВАНИЕ ОРГАНИЗАЦИИ - ПЕРВИЧНАЯ ОТВЕТСТВЕННОСТЬ
Начальный элемент ввода Чугунолитейный и механический завод А. Н. Свешникова
Идентифицирующий признак Казань
Идентификатор авторитетной/нормативной записи RU\NLR\AUTH\8810214526
Системный номер авторитетной/нормативной записи 315540
852 ## - МЕСТОНАХОЖДЕНИЕ И ШИФР ХРАНЕНИЯ
Идентификатор организации NLR
Шифр хранения (Call Number) 18.218.6.219
942 ## - ДОПОЛНИТЕЛЬНЫЕ ЭЛЕМЕНТЫ ЗАПИСИ (АБИС)
Тип экземпляра АБИС Книга
980 ## - КОЛЛЕКЦИЯ
Название коллекции Национальная библиография

Нет доступных экземпляров.